000 01098cam a2200277 i 4500
005 20171212141644.0
008 050906s1982 ru a f |001 0 rusoc
035 _azz2005810551
039 9 _a201706051333
_bkopilwa
_c201312040710
_dkopul
_c201306211319
_dkopub
_c201010131255
_dvpgd
_y200509061722
_zvbuw
040 _aWA U/80ACH
_cWA U/ACH
_dWA U/MW
_dWA U/80HRs
041 1 _arus
_heng
100 1 _aShoup, Terry E.
_d(1944- ).
245 1 0 _aRešenie inženernyh zadač na ÈVM :
_bpraktičeskoe rukovodstvo /
_cT. Šup ; perevod s angl. V. A. Hohrâkova pod red. V. B. Minosceva.
246 1 _iTyt. oryg.:
_aPractical guide to computer methods for engineers
260 _aMoskva :
_bMir,
_c1982.
300 _a235, [5] s. :
_brys. ;
_c22 cm.
504 _aBibliogr. przy rozdz. Indeks.
650 _aAnaliza numeryczna
_xzastosowania przemysłowe.
700 1 _aHohrâkov, V. A.
_eTł.
700 1 _aMinoscev, V. B.
_eRed.
961 _aWA_310 WA_72
970 _aWA_U
971 _aL_U
979 _aBSTOK_U
999 _aVIRTUA 0
_c18379
_d18379
999 _aVTLSSORT0080*0400*0410*1000*2450*2460*2600*3000*5040*6500*7000*7001*9700*9991